Great ideas in psychotherapy / (Record no. 659)

MARC details
000 -LEADER
fixed length control field 00648cam a2200241 a 4500
005 - DATE AND TIME OF LATEST TRANSACTION
control field 20260322212029.0
008 - FIXED-LENGTH DATA ELEMENTS--GENERAL INFORMATION
fixed length control field data
010 ## - LIBRARY OF CONGRESS CONTROL NUMBER
LC control number 87071335
020 ## - INTERNATIONAL STANDARD BOOK NUMBER
International Standard Book Number 0876687877
020 ## - INTERNATIONAL STANDARD BOOK NUMBER
International Standard Book Number 9780876687871
040 ## - CATALOGING SOURCE
Original cataloging agency DLC
Transcribing agency DLC
Modifying agency DLC
050 00 - LIBRARY OF CONGRESS CALL NUMBER
Classification number RC438
Item number .C48 1987
082 00 - DEWEY DECIMAL CLASSIFICATION NUMBER
Classification number 616.89/14/09
Edition information 19
096 ## - LOCALLY ASSIGNED NLM-TYPE CALL NUMBER (OCLC)
Classification number WM 420 C524g 1987
001 - CONTROL NUMBER
control field data
100 1# - MAIN ENTRY--PERSONAL NAME
Personal name Chessick, Richard D.,
Dates associated with a name 1931-
245 10 - TITLE STATEMENT
Title Great ideas in psychotherapy /
Statement of responsibility, etc. Richard D. Chessick.
260 ## - PUBLICATION, DISTRIBUTION, ETC.
Place of publication, distribution, etc. Northvale, N.J. :
Name of publisher, distributor, etc. J. Aronson,
Date of publication, distribution, etc. c1987.
300 ## - PHYSICAL DESCRIPTION
Extent 462 p. ;
Dimensions 24 cm.
500 ## - GENERAL NOTE
General note Includes index.
504 ## - BIBLIOGRAPHY, ETC. NOTE
Bibliography, etc. note Bibliography: p. [433]-456.
650 #0 - SUBJECT ADDED ENTRY--TOPICAL TERM
Topical term or geographic name entry element Psychotherapy
General subdivision History.
Holdings
Withdrawn status Lost status Damaged status Not for loan Home library Current library Shelving location Date acquired Total checkouts Full call number Barcode Date last seen Price effective from Koha item type
        Riverside Riverside General stacks 22/03/2026   616.89/14/09 19 BC0010676 22/03/2026 22/03/2026 Books